Fill-in-the-Blank Steamed Hams - Statistics

General Stats
  • This quiz has been taken 121 times
    111 since last reset
  • The average score is 12 of 15
Answer Stats
Answer % Correct
Oh, no, I said {steamed} {hams}!
97%
Ah, {Superintendent} Chalmers, welcome!
95%
Well, Seymour, I made it, {despite} your directions.
95%
Why is there smoke coming out of your {oven}, Seymour?
94%
That’s not smoke, it’s steam, from the {steamed} {clams} we’re having.
92%
But what if, I were to purchase {fast} {food} and disguise it as my own cooking?
89%
I hope your prepared for mouthwatering {hamburgers}!
89%
I hope you’re prepared for an unforgettable {luncheon}!
82%
My {roast} is ruined!
81%
No, mother, it’s just the {Northern} {Lights}.
81%
Delightfully {devilish} Seymour!
76%
Good {lord} what is going in there?!
75%
Not {Utica}, no, it’s an Albany expression.
71%
It’s a {regional} {dialect}.
66%
Superintendent Chalmers, I’m just stretching my calves on the windowsill. {Isometric} excersise!
66%
No matching quizzes found
Score Distribution
Percent of People with Each Score
Percentile by Number Answered
Your Score History
You have not taken this quiz since the last reset